Contre quelle equipes à marqué Messi? - Statistiques

Statistiques générales
  • Ce quiz a été pris 117 fois
  • Le résultat moyen est 12 sur 67
Statistiques - réponses
Hint Réponse % Correct
21 Real Madrid
98%
27 Atletico madrid
83%
27 Seville
67%
3 PSG
66%
2 Manchester United
58%
6 Manchester city
56%
24 Valence
51%
4 Bayern Munich
48%
9 Arsenal
46%
12 Real Sociedad
46%
16 Betis Seville
45%
10 Villarreal
40%
18 Getafe
34%
3 OL
34%
6 Eibar
26%
17 Espanyol Barcelone
25%
8 Milan
25%
21 Osasuna
24%
13 Malaga
23%
22 Atletic Bilbao
20%
11 Grenade
20%
15 Levante
20%
6 Celta vigo
19%
12 Majorque
19%
5 Elche
18%
7 Leverkusen
17%
13 Almeria
15%
1 Las Palmas
15%
2 Alaves
14%
1 Porto
11%
6 Ajax
10%
6 Sporting Gijon
10%
2 As Roma
9%
4 leganes
9%
8 Celtic
8%
16 Rayo Valecano
8%
4 real valladolid
7%
6 Cordoba
4%
1 Rangers
4%
1 Albacete
3%
12 Racing Santander
3%
2 Santos
3%
5 Tenerife
3%
2 Fc Bâle
2%
2 Hercules
2%
14 Real Saragosse
2%
2 Dinamo Kiev
1%
2 Numancia
1%
1 River Plate
1%
3 Stuttgart
1%
2 Tarragona
1%
3 APOEL
0%
1 Atlante
0%
2 BATE Borisov
0%
1 Benidorm
0%
1 Borussia Möchengladbach
0%
17 Deportivo de la Corogne
0%
1 Estudiantes La Plata
0%
3 Kobenhavn
0%
1 Leonesa
0%
4 panathinaikos
0%
3 Recreativo Huelva
0%
3 Shaktar donesk
0%
4 spartak moscou
0%
1 Sporting Portugal
0%
3 Viktoria plzen
0%
1 Werder Brême
0%
Aucun quiz correspondant
Distribution des résultats
% des personnes avec chaque résultat
Percentile par nombre de réponses
Votre historique - résultats
Vous n’avez pas pris ce quiz